000
00290nam a22001337a 4500
008
170421b xxu||||| |||| 00| 0 eng d
020
_a
9780805374957
041
_a
eng
080
_a
573
100
_a
11
101
_a
SHM
245
_a
ESSENTIAL BIOLOGY
_c
CAMPBELL.N.A
942
_2
udc
_c
BK
999
_c
11573
_d
11573